Evolution of human language (Record no. 929940)

MARC details
000 -LEADER
fixed length control field 00904nam a2200277Ia 4500
003 - CONTROL NUMBER IDENTIFIER
control field OSt
005 - DATE AND TIME OF LATEST TRANSACTION
control field 20221005022729.0
008 - FIXED-LENGTH DATA ELEMENTS--GENERAL INFORMATION
fixed length control field 221004b |||||||| |||| 00| 0 eng d
020 ## - INTERNATIONAL STANDARD BOOK NUMBER
International Standard Book Number 9027251932
037 ## - SOURCE OF ACQUISITION
Terms of availability Textual
040 ## - CATALOGING SOURCE
Original cataloging agency CRL
Transcribing agency CRL
Language of cataloging eng
041 ## - LANGUAGE CODE
Source of code eng
Language code of text/sound track or separate title eng
100 ## - MAIN ENTRY--PERSONAL NAME
Personal name Wildgen Wolfgang
9 (RLIN) 578551
245 #0 - TITLE STATEMENT
Title Evolution of human language
Remainder of title Scenarios, principles, and cultural dynamics
260 ## - PUBLICATION, DISTRIBUTION, ETC.
Place of publication, distribution, etc. Amsterdam
Name of publisher, distributor, etc. John Benjamins Publishing Company Netherland
Date of publication, distribution, etc. 2004
300 ## - PHYSICAL DESCRIPTION
Extent xii, 236p.
Dimensions cm.
490 ## - SERIES STATEMENT
Series statement Advances in Consciousness Research, 57.
650 ## - SUBJECT ADDED ENTRY--TOPICAL TERM
Topical term or geographic name entry element CONSCIOUSNESS
650 ## - SUBJECT ADDED ENTRY--TOPICAL TERM
Topical term or geographic name entry element LINGUISTICS
942 ## - ADDED ENTRY ELEMENTS (KOHA)
Classification part P:(S:4), P4
Koha item type Textual
Source of classification or shelving scheme
Holdings
Withdrawn status Lost status Damaged status Not for loan Home library Current library Date acquired Source of acquisition Cost, normal purchase price Total Checkouts Full call number Barcode Date last seen Cost, replacement price Price effective from Koha item type
        Central Library Central Library 2022-10-05 11195, 28/03/2006, Govinda Book House 4849.20   P:(S:4) P4 CL1383116 2022-10-05 4849.20 2022-10-05 Textual
Copyright @ Delhi University Library System